| 000 | 00792nam a22001577a 4500 | ||
|---|---|---|---|
| 003 | OSt | ||
| 005 | 20150920094519.0 | ||
| 008 | 150920b xxu||||| |||| 00| 0 eng d | ||
| 040 | _cRUA | ||
| 082 | _aAGR MAN 2008 B038 Or.1 | ||
| 100 |
_9909 _aMANG, VOTOU. |
||
| 245 | _aEffect of spacing and number of seedling on phkar rumduol rice variety at the royal university of agriculture ឥទ្ធិពលចន្លោះគុម្ព និងចំនួនសំណាបស្ទូងនៅលើទិន្នផលនៃពូជស្រូវផ្ការំដួល ក្នុងលក្ខខណ្ឌសាកលវិទ្យាល័យភូមិន្ទកសិកម្ម | ||
| 260 |
_aPhnom Penh _bRUA _c2008 |
||
| 300 |
_ax; 56p. _bill. _c29cm. |
||
| 942 |
_2ddc _cAGR |
||
| 999 |
_c878 _d878 |
||